Представление документа в формате MARC21

Поле Инд. ПП Название Значение
Тип записи a
Библиографический уровень m
001 Контрольный номер RU/LIBMSTU/410087762
005 Дата корректировки 20160127104201.5
008 Кодируемые данные 130116|||||||||ru |||||||||||000|||rus||
020 a ISBN 978-5-222-19688-5
040 b Код языка каталог. rus
041 a Код языка текста rus
084 a Индекс другой классификации/Индекс ББК 81.2Р-7
090 a Полочн. индекс 81.2Р
x Авторский знак В 24
100 1_ a Автор Введенская Л. А.
245 10 a Заглавие Русский язык и культура речи
b Продолж. заглавия учеб. пособие для бакалавров и магистров
250 a Основные сведения об издании Изд. 31-е
260 a Место издания Ростов-на-Дону
b Издательство Феникс
c Дата издания 2013
300 a Объем 539 с.
440 a Серия Высшее образование
504 a Библиография Библиогр.: с. 497-500
650 a Основная рубрика Русский язык-Культура речи-Учебные издания для высших учебных заведений-Бакалавриат-Магистратура
653 a Ключевые слова История русского языка; Культура речи; Лексика; Ораторское искусство; Речевой этикет; Русский язык; Языковые стили
700 a Другие авторы Павлова Л. Г.
700 1_ a Другие авторы Кашаева Е. Ю.
901 t Тип документа m
952 b Гриф литературы для ВШ Допущено МО РФ
c Вид литературы учебное пособие